มุมมองปกติ
มุมมองแบบ MARC
- สิริวรุณ
รายการ Personal Name
001 - CONTROL NUMBER
- control field: 21387
003 - CONTROL NUMBER IDENTIFIER
- control field: NALT
005 - DATE AND TIME OF LATEST TRANSACTION
- control field: 20210706103530.0
008 - FIXED-LENGTH DATA ELEMENTS
- fixed length control field: 171122|| aca||aabn | a|a d
040 ## - CATALOGING SOURCE
- Original cataloging agency: NALT
100 0# - HEADING--PERSONAL NAME
- Personal name: สิริวรุณ
